Online Public Access Catalogue

Clinical Neurophysiology (Record no. 8157)

MARC details
000 -LEADER
fixed length control field 00369nam a2200157Ia 4500
020 ## - INTERNATIONAL STANDARD BOOK NUMBER
International Standard Book Number 9788131234679
082 ## - DEWEY DECIMAL CLASSIFICATION NUMBER
Classification number 612.8
Author Mark MIS
Edition number 3rd
100 ## - MAIN ENTRY--PERSONAL NAME
Author Name UK Misra
245 #0 - TITLE STATEMENT
Title Clinical Neurophysiology
Statement of responsibility, etc. UK Misra
250 ## - EDITION STATEMENT
Edition statement 3rd
260 ## - PUBLICATION, DISTRIBUTION, ETC.
Name of publisher, distributor, etc. Elsevier
Date of publication, distribution, etc. 2014
Place of publication, distribution, etc. India
300 ## - PHYSICAL DESCRIPTION
No of Pages 423
440 ## - SERIES STATEMENT/ADDED ENTRY--TITLE
Title Clinical Neurophysiology
650 ## - SUBJECT ADDED ENTRY--TOPICAL TERM
Subject Neurophysiology
942 ## - ADDED ENTRY ELEMENTS (KOHA)
Koha item type Books
Source of classification or shelving scheme
952 ## - LOCATION AND ITEM INFORMATION (KOHA)
-- 2018-03-16
952 ## - LOCATION AND ITEM INFORMATION (KOHA)
-- 2019-01-03
Holdings
Withdrawn status Lost status Source of classification or shelving scheme Damaged status Not for loan Home library Current library Shelving location Date acquired Total Checkouts Total Renewals Full call number Barcode Date last seen Date last checked out Koha item type
          Islamabad Medical and Dental College Islamabad Medical and Dental College Islamabad Medical and Dental College 16/03/2018 1 1 612.8 MIS 9942 01/09/2023 24/02/2023 Books
          Islamabad Medical and Dental College Islamabad Medical and Dental College Islamabad Medical and Dental College 03/01/2019     612.8 MIS 9943 03/01/2019   Books

Copyright @ IMDC Library
Islamabad Medical and Dental College
Bhara Kahu, Islamabad

  Contact the Librarian, IMDC
  Email:: library@imdcollege.edu.pk

  OPAC Customized by
  Mazhar Hussain,
  Librarian:
  Islamabad Medical and Dental College
  Email:: library@imdcollege.edu.pk